Anuari del curs 1936-37 / Institució del Teatre de la Generalitat de Catalunya ; director, Joan Alavedra
Descripción Física:
248 p., [34] p. de làm. ; 29 cm
Otros Autores:
Alavedra, Joan
MARC
| LEADER | 00000nam a2200000Ia 4500 | ||
|---|---|---|---|
| 001 | 9439 | ||
| 003 | BGR | ||
| 005 | 20260324175318.0 | ||
| 008 | 160829s1938 xx 000 0 cat d | ||
| 080 | |a B-1-296 | ||
| 110 | 2 | |a Instituto del Teatro (Barcelona, Catalunya) |9 54846 | |
| 245 | |a Anuari del curs 1936-37 / Institució del Teatre de la Generalitat de Catalunya ; director, Joan Alavedra | ||
| 260 | |a Barcelona : |b [l'Institut], |c 1938 | ||
| 300 | |a 248 p., [34] p. de làm. ; |c 29 cm | ||
| 650 | |a Institució del Teatre (Barcelona) |x Memòries |9 26382 | ||
| 700 | |a Alavedra, Joan |9 34957 | ||
| 710 | 1 | |a Catalunya. |b Generalitat |9 12125 | |
| 901 | |a Arxiu | ||
| 942 | |n 1 |2 udc |c MON | ||
| 952 | |0 0 |1 0 |4 0 |6 B1296 |7 1 |9 43971 |a Arxiu |b Arxiu |d 2016-12-01 |l 0 |o B-1-296 |p 9439 |r 2016-12-01 00:00:00 |w 2016-12-01 |y ARXIU | ||
| 999 | |c 46551 |d 46551 | ||